[Event "Khanty-Mansiysk Governor Cup 17th"]
[Site "Khanty-Mansiysk"]
[Date "2021.11.13"]
[Round "3"]
[White "Mironov, Leonid"]
[Black "Mirzanurov, Bulat"]
[Result "0-1"]
[WhiteElo "1367"]
[BlackElo "2238"]
[PlyCount "77"]
[EventDate "2021.11.11"]
[EventType "swiss"]
[EventRounds "9"]
[EventCountry "RUS"]
[SourceTitle "CBM 205 Extra"]
[Source "ChessBase"]
[SourceDate "2022.01.31"]
[SourceVersion "1"]
[SourceVersionDate "2022.01.31"]
[SourceQuality "1"]

1. e4 e5 2. Nf3 Nc6 3. Bb5 a6 4. Ba4 Nf6 5. 0-0 b5 6. Bb3 Be7 7. Re1 0-0 8. c3 d5 9. d4 exd4 10. exd5 Na5 11. Nxd4 Bb7 12. Nc6 Nxc6 13. dxc6 Bxc6 14. Qxd8 Bxd8 15. Nd2 Nd7 16. Nf3 Nc5 17. Bc2 Bf6 18. Bg5 Bxg5 19. Nxg5 h6 20. Nf3 Bxf3 21. gxf3 Ne6 22. Rad1 Rad8 23. Bb3 Nc5 24. Bc2 g5 25. Rd4 Rxd4 26. cxd4 Ne6 27. d5 Nf4 28. Bb3 Rc8 29. Kf1 Kf8 30. Rc1 Nd3 31. Rc6 Nb4 32. Rc3 Rd8 33. Rxc7 Nxd5 34. Ra7 Nf4 35. Rxf7+ Ke8 36. Rc7 Rd2 37. Rc1 Rxb2 38. Re1+ Kd7 39. Rd1+ 0-1

[Event "Khanty-Mansiysk Governor Cup 16th"]
[Site "Khanty-Mansiysk"]
[Date "2020.12.05"]
[Round "6"]
[White "Islamov, Kamil"]
[Black "Mironov, Leonid"]
[Result "0-1"]
[WhiteElo "1279"]
[BlackElo "1358"]
[PlyCount "116"]
[EventDate "2020.11.30"]
[EventType "swiss"]
[EventRounds "9"]
[EventCountry "RUS"]
[SourceTitle "CBM 199 Extra"]
[Source "ChessBase"]
[SourceDate "2021.01.31"]
[SourceVersion "1"]
[SourceVersionDate "2021.01.31"]
[SourceQuality "1"]

1. e4 e6 2. d4 d5 3. Nd2 Nf6 4. e5 Nfd7 5. Ngf3 c5 6. c3 Nc6 7. b3 Qb6 8. Bb2 f6 9. exf6 Nxf6 10. Bd3 Bd6 11. 0-0 0-0 12. Re1 Re8 13. Nf1 e5 14. dxe5 Nxe5 15. Nxe5 Bxe5 16. Ne3 Be6 17. Qc2 Qc7 18. g3 c4 19. Bf5 Bxf5 20. Nxf5 cxb3 21. Qxb3 Qd7 22. Ne3 Rad8 23. Rad1 Qf7 24. Re2 Rd7 25. Nc2 Qh5 26. Rde1 Bd6 27. Rxe8+ Nxe8 28. Nd4 Nf6 29. Qc2 Ng4 30. h4 Qf7 31. Bc1 Bc5 32. Bf4 Bd6 33. Bxd6 Rxd6 34. Qe2 Nf6 35. Nf5 Rd8 36. Qd3 Re8 37. Rd1 Qe6 38. Ne3 Rd8 39. c4 d4 40. Nf5 Qe4 41. Qxe4 Nxe4 42. Rxd4 Rxd4 43. Nxd4 Nd6 44. Nb5 Nxc4 45. Nxa7 Kf7 46. Kf1 Ke6 47. Ke2 Nd6 48. a4 Kd5 49. f4 Kc5 50. g4 Kb6 51. Nb5 Nxb5 52. axb5 Kxb5 53. f5 Kc5 54. h5 Kd5 55. Kd3 Ke5 56. Kc4 h6 57. Kc5 Kf4 58. g5 Kxg5 0-1

[Event "Khanty-Mansiysk Governor Cup 16th"]
[Site "Khanty-Mansiysk"]
[Date "2020.12.04"]
[Round "5"]
[White "Mironov, Leonid"]
[Black "Voloshenyuk, Gleb"]
[Result "1/2-1/2"]
[WhiteElo "1358"]
[BlackElo "1232"]
[PlyCount "85"]
[EventDate "2020.11.30"]
[EventType "swiss"]
[EventRounds "9"]
[EventCountry "RUS"]
[SourceTitle "CBM 199 Extra"]
[Source "ChessBase"]
[SourceDate "2021.01.31"]
[SourceVersion "1"]
[SourceVersionDate "2021.01.31"]
[SourceQuality "1"]

1. e4 c6 2. Nf3 d5 3. Nc3 Bg4 4. h3 Bh5 5. exd5 cxd5 6. d4 e6 7. Be2 a6 8. Bg5 Be7 9. Bxe7 Qxe7 10. Qd2 Nf6 11. 0-0-0 Nbd7 12. g4 Bg6 13. Ne5 Nxe5 14. dxe5 Ne4 15. Nxe4 Bxe4 16. f3 Bg6 17. h4 h6 18. Qa5 0-0 19. h5 Bh7 20. f4 Rac8 21. Bd3 Bxd3 22. Rxd3 Rc4 23. Qd2 Rfc8 24. c3 Qc5 25. Kb1 b5 26. Rd4 a5 27. Rc1 Rxd4 28. cxd4 Qxc1+ 29. Qxc1 Rxc1+ 30. Kxc1 Kf8 31. Kd2 Ke8 32. b3 Kd8 33. Kd3 Ke8 34. Kd2 Kf8 35. Kd3 Ke8 36. Ke3 g6 37. Kf3 gxh5 38. gxh5 Ke7 39. Kg4 Kd7 40. Kf3 Kc6 41. Ke3 b4 42. Kd3 Kb5 43. Ke3 1/2-1/2